000 00240nam a2200097Ia 4500
008 220204s9999 xx 000 0 und d
082 _a912(048.3)(548.3)
_bMAP
245 0 _aMap of Kerala political
260 _aNew Delhi
_bOrient
942 _cBK
999 _c30034
_d30034